000 00694nam a22001817a 4500
003 OSt
005 20260415192043.0
008 240821b ||||| |||| 00| 0 eng d
040 _c0
082 _aDPer 510.5 Am351 June-August 2019 v. 141 n. 3-4
100 _aPetersen, Dan.
_eauthor.
_958812
245 _aA vanishing result for tautological classes on the moduli of k3 surfaces /
_cDan Petersen.
260 _aBaltimore, Maryland U.S. ;
_bJohns Hopkins University Press ,
_cJune 2019.
300 _avolume 141, pages 733-736 ;
_c26 cm.
500 _aAmerican Journal of Mathematics, vol. 141, no. 3, pages 733-736, June 2019.
700 _aPetersen, Dan.
_eauthor.
_958812
942 _2ddc
_cPER
999 _c20816
_d20816